000 00727nam a2200241 a 4500
001 BRL_259
005 20190320210646.0
008 150713s1988----mx-a######---#000-0#spa-#
020 _a968400110X
041 _aspa
044 _amx
050 4 _aF1391.V4
_b.W55 1988
100 1 _aWilliams García, Roberto
_923385
245 1 0 _aYo nací con la luna de plata
_bhistoria de un puerto.
_cRoberto Williams García.
250 _a4
260 _aMéxico
_bInstituto Veracruzano de Cultura
_c1988
300 _a206 p.
_bil. (algunas a color), 4 láminas
_c21 cm.
500 _aAu281
504 _aBibliografía : p. 203-206
651 4 _aVeracruz (Veracruz-Llave, México)
_xHistoria
_923386
902 _aGRL
942 _2lcc
_cB
999 _c9072
_d9072